[Event "Ouest Toulousain op-B 4th"]
[Site "Tournefeuille"]
[Date "2009.02.17"]
[Round "2"]
[White "Dahbi, Ahmed"]
[Black "Finkel, Julie"]
[Result "0-1"]
[WhiteElo "1580"]
[BlackElo "1620"]
[PlyCount "62"]
[EventDate "2009.02.16"]
[EventType "swiss"]
[EventRounds "9"]
[EventCountry "FRA"]
[SourceTitle "CBM 128 Extra"]
[Source "ChessBase"]
[SourceDate "2009.03.05"]
[SourceVersion "2"]
[SourceVersionDate "2009.03.25"]
[SourceQuality "1"]

1. d4 g6 2. Nf3 Bg7 3. c4 d6 4. Nc3 Nd7 5. e4 e5 6. Be2 Ne7 7. Be3 0-0 8. 0-0 f5 9. Bg5 h6 10. Be3 g5 11. d5 f4 12. Bd2 Kh8 13. Ne1 Nf6 14. Rc1 Rg8 15. b4 Bf8 16. c5 g4 17. Kh1 a6 18. a4 Qe8 19. cxd6 cxd6 20. Qc2 Qg6 21. Rg1 h5 22. Bd3 h4 23. b5 g3 24. f3 gxh2 25. Rf1 h3 26. Rf2 Qg3 27. Nd1 Qh4 28. Bf1 Nh5 29. Bb4 Ng3+ 30. Kxh2 hxg2+ 31. Kxg2 Qh1# 0-1